00867 2200289 4500001002100000005001500021035002000036245003500056100003700091250001200128300003700140006001800177007000300195008004100198700007300239264005000312336002100362337003000383338002300413082001100436084001800447020001800465650001600483504002800499990002500527990002500552INLIS00000000000555020260511015650 a0010-02220006401 aMengembangkan Kreatifitas Anak0 aAmal Abdul Al-KhaliliePengarang a.-cet.1 axx, 396 hlm. :bilus. ;c17,5 cma ta260511 0  aEditor, M. Yasir Abdul Muthalib, Penerjemah, Umma FaridaePenerjemah a.--Jakarta Timur :bPustaka Al-Kautsar,c2005 2rdacontentaTeks 2rdamediaaTanpa Perantara 2rdacarrieravolume a297.64 a297.64 AMA m a979-592-305-6 4aKreativitas aDaftar Pustaka, hal 389 a0971/BR/ARPUS/2006 A a0971/BR/ARPUS/2006 B